000 00634nam a2200253Ia 4500
003 OSt
005 20221005114405.0
006 a|||||r|||| 00| 0
007 ta
008 221004b |||||||| |||| 00| 0 san d
024 _a53553
037 _cTextual
040 _aCRL
_cCRL
_bsan
041 _2san
_asan
082 _aO15,2JSAK,1, 32L0
100 _aVijayan K.
_9625912
245 0 _aAscharyachudamani
260 _c1970
300 _a148p.
_ccm.
650 _a SANSKRIT LITERATURE
650 _aSANSKRIT DRAMA
942 _hO15,2JSAK,1, 32L0
_cTEXL
_2cc
999 _c1031199
_d1031199